00377pab a2200133 454500008004000000100001600040245006500056260000900121300001400130650002500144650001300169700002400182773003700206180718b2003 xxu||||| |||| 00| 0 eng d aTuran, M.S. aDynamics of rural industries in Haryana: a critical analysis c2003 ap.98-107. aHaryana - Industries aIndustry aSardana, Parveen K. aResearch Journal Social Sciences